000
00297nam a2200109Ia 4500
008
160531s9999 xx 000 0 und d
100
_a
Stocking, Jerry.
245
_a
Mind Relief Manuscript
245
_c
by Jerry Stocking
260
_c
2011
856
_u
http://www.smashwords.com/books/view/105650
999
_c
295505
_d
295505